Normal view
MARC view
- Zoology
Entry Topical Term
001 - CONTROL NUMBER
- control field: 69200
003 - CONTROL NUMBER IDENTIFIER
- control field: OSt
005 - DATE AND TIME OF LATEST TRANSACTION
- control field: 20220806111547.0
008 - FIXED-LENGTH DATA ELEMENTS
- fixed length control field: 220806|| aca||aabn | a|a d
040 ## - CATALOGING SOURCE
- Original cataloging agency: OSt
- Transcribing agency: OSt
150 ## - HEADING--TOPICAL TERM
- Topical term or geographic name entry element: Zoology
670 ## - SOURCE DATA FOUND
- Source citation: Work cat.: (OSt)38831: Pawar, K. R. / Desai, A. E. 69199, Animal Systematics And Diversity-iv And Applied Zoology-ii, 2014